| Tag |
First Indicator |
Second Indicator |
Subfields |
| LEADER |
00000cam a2200000 a 4500 |
| 001 |
in00002356521 |
| 005 |
20151108062638.0 |
| 008 |
070319s2007 enk b 001 0 eng |
| 020 |
|
|
|a 9780521867290 (cased)
|
| 020 |
|
|
|a 0521867290 (cased)
|
| 035 |
|
|
|a (OCoLC)ocm86167474
|
| 040 |
|
|
|a UKM
|c UKM
|d VYF
|d UtOrBLW
|
| 049 |
|
|
|a TXAM
|
| 050 |
|
0 |
|a BD438.5
|b .R46 2007
|
| 082 |
0 |
|
|a 126
|2 22
|
| 100 |
1 |
|
|a Remes, Pauliina.
|
| 245 |
1 |
0 |
|a Plotinus on self :
|b the philosophy of the 'We' /
|c Pauliina Remes.
|
| 264 |
|
1 |
|a Cambridge ;
|a New York :
|b Cambridge University Press,
|c 2007.
|
| 300 |
|
|
|a ix, 287 pages ;
|c 24 cm.
|
| 336 |
|
|
|a text
|b txt
|2 rdacontent
|
| 337 |
|
|
|a unmediated
|b n
|2 rdamedia
|
| 338 |
|
|
|a volume
|b nc
|2 rdacarrier
|
| 504 |
|
|
|a Includes bibliographical references and index.
|
| 600 |
0 |
0 |
|a Plotinus.
|
| 650 |
|
0 |
|a Self (Philosophy)
|
| 945 |
|
|
|a PromptCat
|
| 946 |
|
|
|a stk
|
| 947 |
|
|
|a A14836531913
|
| 948 |
|
|
|a cataloged
|b h
|c 2008/1/11
|d c
|e dmitchel
|f 8:22:16 am
|
| 994 |
|
|
|a 92
|b TXA
|
| 999 |
|
|
|a MARS
|
| 999 |
f |
f |
|s 283a3dd4-86c9-39f0-817e-2428fb65bd08
|i 4070571d-33a5-3ff4-b1e2-c519716feae2
|t 0
|
| 952 |
f |
f |
|p ric
|a Texas A&M University
|b Rellis Campus
|c Joint Library Facility
|d Remote Storage
|t 0
|e BD438.5 .R46 2007
|h Library of Congress classification
|i unmediated -- volume
|m A14836531913
|
| 998 |
f |
f |
|a BD438.5 .R46 2007
|t 0
|l Remote Storage
|